| 000 | 00637nam a2200205 i 4500 | ||
|---|---|---|---|
| 001 | 142947 | ||
| 003 | ES-MaACL | ||
| 005 | 20230906200653.0 | ||
| 007 | t| | ||
| 008 | 071011s1973 sp a c |||| | spa d | ||
| 080 | _a332.51(460)(085) | ||
| 110 | 2 |
_aJose A. Vicenti (Firma) _9144063 |
|
| 245 | 1 | 0 |
_aEspaña, 1808-1974 _b: catálogo de billetes / _cJosé A. Vicenti. |
| 250 | _a7ª ed. | ||
| 260 |
_aMadrid : _b[José A. Vicenti], _c1973 ( _fImp. Salinero) |
||
| 300 |
_a96 p. : _bil. ; _c23 cm. |
||
| 650 | 4 |
_aBilletes de banco- _zEspaña- _vCatálogos. _9166458 |
|
| 650 | 0 | 4 |
_aMonedas- _zEspaña. _915159 |
| 852 |
_aES-MaACL _jC-54685 |
||
| 999 |
_c142947 _d142947 |
||